| 000 | 00510nam a2200181Ia 4500 | ||
|---|---|---|---|
| 008 | 240925s9999 xx 000 0 und d | ||
| 020 | _a8185623228 | ||
| 082 | _a005.133 LAF | ||
| 100 | _aLafore, Robert | ||
| 245 | 0 | _aObject Oriented Programming in Turboo C++ | |
| 250 | _aNA | ||
| 260 |
_aNew Delhi: _bGalgotia Publlication _c,1993. |
||
| 300 |
_aXV,309p. _bNA _fPirated |
||
| 500 | _aIncludes Index | ||
| 600 | _aComputer Science | ||
| 650 | _aComputer science, information & general works | ||
| 942 | _cBK | ||
| 999 |
_c3132 _d3132 |
||